000 00547nam a2200181Ia 4500
999 _c34019
_d34019
003 OSt
005 20200918132057.0
008 190216s9999||||xx |||||||||||||| ||und||
020 _a9788189638054
040 _coclc
082 _a621.381548
_bRAN/M
100 _aRani, M Janaki
_94752
245 0 _aMeasurments And Instrumentation /
_cM Janaki Rani ; G Sathiyabhama
260 _bAnuradha Agencies,
_aKodambakam:
_c2005.
300 _a270p
650 _aPhysics
942 _cBK
_2ddc
_h621.381548
_iRAN/M
_k621.381548
_mRAN/M